LEADER 00732nam a2200193 i 4500 001 000000145955 003 CaOOAMICUS 005 20100713000000.0 008 100713n vc u000 u lat u 013 $a121347 040 $aSeMil$bita 245 10$a[2]. 300 $a636 p. 700 1 $aGasparri, Pietro,$c.$0(OLS)http://semarc/name/4808 773 0 $tTractatus canonicus de matrimonio.$bEd. nova ad mentem codicis I. C.$d[In Urbe Vaticani] : Typis Polyglottis Vaticanis, 1932.$g2$w()14988 850 $aSeMil 852 $aSeMil$W1$xVenegono$y1$m2G II 40$j98661$B98661$CSeMilBibl$Z2$F106898 $81 961 $aOmaggio: Biblioteca Seminario Seveso (fino al 1985) 996 $6245$a[2]$9(OLS)http://semarc/title/54267 LEADER 01570nam a2200313 i 4500 001 000000221617 003 CaOOAMICUS 005 20260318143420.0 008 130730s2013 it u000 u mul u 013 $a200514 020 $a978-88-7653-202-3 040 $aSeMil$bita 245 10$aUomini e profeti :$bscritti in onore di Horacio Simian-Yofre sj /$ca cura di Elzbieta M. Obara e Giovanni Paolo D. Succu. 260 $aRoma :$bGBP, Gregorian & Biblical Press,$c2013. 300 $aXVIII, 362 p. ;$c21 cm. 490 0 $aAnalecta Biblica : investigationes scientificae in res biblicas ;$v202 650 4$aBibbia. Antico Testamento. Profeti - Commentari, studi, critica, interpretazioni.$0(OLS)http://semarc/subject/9887 650 4$aBibbia - Saggi.$0(OLS)http://semarc/subject/4535 700 1 $aSimian-Yofre, Horacio ,$ededicatario miscellanea.$0(OLS)http://semarc/name/20645 700 1 $aSuccu, Giovanni Paolo D.$0(OLS)http://semarc/name/77524 700 1 $aObara, Elzbieta M.$0(OLS)http://semarc/name/70814 830 0$aAnalecta biblica ;$v202.$0(OLS)http://semarc/title/6 850 $aSeMil 852 $aSeMil$W1$xVenegono$y1$m2HA G 202$j268657$B171966$CSeMilBibl$Z2$F182534 $81 961 $aSottoscrizione: Pontificio Istituto Biblico 996 $6020$a978-88-7653-202-3$9(OLS)http://semarc/number/220680 996 $6245$aUomini e profeti :$bscritti in onore di Horacio Simian-Yofre sj$9(OLS)http://semarc/title/317697 996 $6260$aRoma :$bGBP, Gregorian & Biblical Press$9(OLS)http://semarc/publisher/33573